=LDR 00000nam 2200000 4500 =001 INLIS000000000043383 =005 20131008103135 =008 ***********************************ind** =035 ##$$0010-101300000001305 =041 ##$$a ind =082 ##$$a 621.3 =090 ##$$a 621.3, Muh b =100 ##$$a MUHAIMIN =245 ##$$a Bahan-bahan listrik untuk politeknik, Muhaimin =260 ##$$a 1999 $b Jakarta =300 ##$$a viii, 102 hlm, 24 cm =650 ##$$a KELISTRIKAN =850 ##$$a NBPNMAT =990 ##$$a 21602342/BPAP-NTB/2017